000 00720nam a2200217Ii 4500
003 JO-AjNU
008 230605s9999||||xx |||||||||||||| ||und||
017 _a2011/8/3145
020 _a978-9957-544-29-4
040 _aJO-AjNU
_bara
_erda
_cJO-AjNU
041 _aara
050 1 4 _aTX911.3.S24.S2498 2012
100 3 _aمنير، زيد ,
_eauthor
_951073
245 0 0 _aالامن والسلامة في المنشات السياحية والفندقية
264 3 1 _aعمان:دار الراية للنشر ، 2012
300 _a236ص
336 _atext
_btxt
_2rdacontent
337 _aunmediated
_bn
_2rdamedia
338 _avolume
_bnc
_2rdacarrier
650 4 _aصناعة السياحي-السياحة
_951074
999 _aA22537
_c26105
_d26105